Gosudarstvo i kommunizm. Ot socialističeskoj gosudarstvennosti k obščestvennomu kommunističeskomu samoupravleniju.

Uložené v:
Podrobná bibliografia
Hlavný autor: Aleksandrov, Nikolaj Grigor'jevič
Médium: Kniha
Jazyk:Russian
Vydané: Moskva : Znanije, 1961.
Fyzický popis: 47 strán.
Tagy: Pridať tag
Žiadne tagy, Buďte prvý kto otaguje tento záznam!

MARC

LEADER 00000nam a22000002i 4500
001 000654635
005 20210121154731.0
008 210121s1961 ru e 000 0 rus d
020 |c Kčs 0,90  |q (brožované) 
040 |a SVKKK  |b slo  |c SVKKK  |e rda 
100 1 |a Aleksandrov, Nikolaj Grigor'jevič 
245 1 0 |a Gosudarstvo i kommunizm. Ot socialističeskoj gosudarstvennosti k obščestvennomu kommunističeskomu samoupravleniju. 
264 1 |a Moskva :  |b Znanije,  |c 1961. 
300 |a 47 strán. 
336 |a text  |b txt  |2 rdacontent 
337 |a bez média  |b n  |2 rdamedia 
338 |a zväzok  |b nc  |2 rdacarrier 
500 |a Záznam revízie 
910 |a svkkk 
998 |a BK 
090 |g SCKHL  |k Sklad Pribinova 2. posch.  |a III.86101  |j 311141  |i 2720765284  |4 Zastaraná  |s Vyradená